00600 2200229 4500001002100000005001700021008004100038020001800079035002400097043001300121082001100134090001800145100003100163245004800194250001100242260002800253300003000281650001100311850001200322990001500334990002100349YOGYA-0209000001893220090227022925.0 ind  a979-423-070-4 0010-020900000018932 aYOPDYOGB a616.97 a616.97bBar M aBARATAWIJAYA, Karnen Garna aMengenal alergicKarnen Garna Baratawidjaja aCet. 3 aJakartabJambatanc1992 axiv, 117 hlmbilusc19 cm aAlergi aYOPDYOG a95P0056084 a542-BPAD/P.02b1